Southville International School and Colleges
Your cart is empty.
  • Cart
  • Lists
    Public lists list_1 View all
    Your lists Log in to create your own lists
  • Log in to your account
  • Your cookies
  • Search history
Southville International School and Colleges
  • Advanced search
  • Recent comments
  • Most popular
  • Libraries

Log in to your account

Log in with GOOGLE


If you do not have an external account, but do have a local account, you can still log in:

  1. Home
  2. MARC view: The spindlers /
Normal view MARC view ISBD view

The spindlers / (Record no. 287920)

[ view plain ]
MARC details
000 -LEADER
fixed length control field 00443nam a2200157Ia 4500
008 - FIXED-LENGTH DATA ELEMENTS--GENERAL INFORMATION
fixed length control field 150610s9999 xx 000 0 und d
020 ## - INTERNATIONAL STANDARD BOOK NUMBER
International Standard Book Number 9780061978081
050 ## - LIBRARY OF CONGRESS CALL NUMBER
Classification number PZ7
Item number .O475Sp 2012
100 ## - MAIN ENTRY--PERSONAL NAME
Personal name Oliver, Lauren
245 #4 - TITLE STATEMENT
Title The spindlers /
Statement of responsibility, etc Lauren Oliver.
260 ## - PUBLICATION, DISTRIBUTION, ETC. (IMPRINT)
Place of publication, distribution, etc New York :
Name of publisher, distributor, etc Harper Collins,
Date of publication, distribution, etc 2012.
300 ## - PHYSICAL DESCRIPTION
Extent 246pages ;
Dimensions 21 cm.
520 ## - SUMMARY, ETC.
Summary, etc Fantasy.
650 ## - SUBJECT ADDED ENTRY--TOPICAL TERM
Topical term or geographic name as entry element Brothers and sisters
General subdivision Fiction.
650 ## - SUBJECT ADDED ENTRY--TOPICAL TERM
Topical term or geographic name as entry element Soul
General subdivision Fiction.
Holdings
Withdrawn status Lost status Damaged status Home library Current library Shelving location Date acquired Total Checkouts Full call number Barcode Date last seen Price effective from Koha item type
      Stonyhurst Southville International School (Batangas) Stonyhurst Southville International School (Batangas)   06/10/2015   PZ7 .O475Sp 2012 US-2102 06/10/2015   Books

The spindlers /

APA

Oliver L., . (2012). The spindlers. New York: Harper Collins.

Chicago

Oliver Lauren, . 2012. The spindlers. New York: Harper Collins.

Harvard

Oliver L., . (2012). The spindlers. New York: Harper Collins.

MLA

Oliver Lauren, . The spindlers. New York: Harper Collins. 2012.

  • Place hold
  • Print
  • Cite
  • Add to your cart (remove)
  • Save record
    BIBTEX Dublin Core MARCXML MARC (non-Unicode/MARC-8) MARC (Unicode/UTF-8) MARC (Unicode/UTF-8, Standard) MODS (XML) RIS
  • More searches
    Search for this title in:
    Other Libraries (WorldCat) Other Databases (Google Scholar) Online Stores (Bookfinder.com) Open Library (openlibrary.org)

Exporting to Dublin Core...

SOUTHVILLE LIBRARY

Southville International School and Colleges Library

1281 Tropical Ave. Cor. Luxembourg St., BF Homes International, Las Pinas City

Tel. No. 8256374 / 252358 Loc. 117/146

Powered by Koha